| 000 | 00471nam a2200193Ia 4500 | ||
|---|---|---|---|
| 041 | _aeng | ||
| 020 | _a9788172764600 | ||
| 082 |
_a181.48 _bSES |
||
| 100 | _aSeshadri, K | ||
| 245 | 4 | _aThe Substance of Ramanuja's Sri Bhasya | |
| 250 | _a1st ed. | ||
| 260 |
_aMumbai _bBharatiya Vidya Bhavan _c2012 |
||
| 300 | _a154 p. | ||
| 650 | _aVedanta | ||
| 650 | _aPhilosophy - India | ||
| 650 | _aPhilosophy | ||
| 942 | _cBK | ||
| 008 | 190315s9999||||xx |||||||||||||| ||und|| | ||
| 999 |
_c2205 _d2205 |
||